|
|
|
|
| LEADER |
02393nam a2200349 a 4500 |
| 001 |
20000 |
| 003 |
BD-DhAAL |
| 005 |
20230705140208.0 |
| 008 |
100419s2009 bg 000 1 ben d |
| 020 |
|
|
|a 9847022010287
|
| 020 |
|
|
|a 9789845060523
|
| 040 |
|
|
|a BD-DhAAL
|c BD-DhAAL
|
| 041 |
|
|
|a ben
|
| 082 |
0 |
0 |
|a 891.44
|2 22
|
| 100 |
2 |
|
|a ইলিয়াস, আখতারুজ্জামান.
|9 26042
|
| 245 |
0 |
0 |
|a চিলেকোঠার সেপাই /
|c আখতারুজ্জামান ইলিয়াস.
|
| 246 |
|
|
|a Chilekothar sepai
|
| 246 |
|
|
|a The soldier in an attic
|
| 260 |
|
|
|a ঢাকা :
|b ইউনিভার্সিটি প্রেস লিমিটেড,
|c ১৯৮৬ [চতুর্দশ মুদ্রণ ২০০৯, পঁচিশতম মুদ্রণ ২০১৮, ঊনত্রিশতম মুদ্রণ ২০২০, দ্বাত্রিংশ মুদ্রণ ২০২২].
|
| 300 |
|
|
|a iv, ৩০৪ পৃষ্ঠা ;
|c ২৩ সে.মি.
|
| 526 |
|
|
|a AAL, GenEd
|
| 541 |
1 |
|
|a University Press Limited, Book Finder International
|e 20000, 33131, 33132, 39497
|
| 650 |
|
0 |
|a Bengali fiction.
|9 26043
|
| 650 |
|
0 |
|a Bengali literature.
|9 51167
|
| 852 |
4 |
|
|a Ayesha Abed Library
|c General Stacks
|
| 942 |
|
|
|2 ddc
|c BK
|
| 999 |
|
|
|c 8195
|d 8195
|
| 952 |
|
|
|0 0
|1 0
|2 ddc
|4 0
|6 891_000000000000000__44_ILI_2009
|7 0
|9 9362
|a BIGD
|b BIGD
|c GEN
|d 2023-07-05
|l 0
|o 891.44 ILI
|p 3050020000
|r 2010-04-21
|t 1
|w 2010-04-21
|y BK
|x Transferred from BDI to BIGD.
|
| 952 |
|
|
|0 0
|1 0
|2 ddc
|4 0
|6 891_000000000000000__44_ILI
|7 0
|9 56376
|a SCL
|b SCL
|c GEN
|d 2015-10-20
|g 225.00
|l 10
|m 40
|o 891.44 ILI
|p 3020007243
|r 2024-10-22
|s 2024-06-10
|t 2
|w 2015-10-20
|y BK
|
| 952 |
|
|
|0 0
|1 0
|2 ddc
|4 0
|6 891_440000000000000_ILI
|7 0
|9 63441
|a BRACUL
|b BRACUL
|c GEN
|d 2018-05-27
|e The University Press Limited
|g 247.50
|l 18
|m 187
|o 891.44 ILI
|p 3010033132
|r 2025-10-18
|s 2025-09-20
|t 4
|v 330.00
|w 2018-05-27
|y BK
|x Replaced the book by the student name: Iftear Tanvir (18217002)
|
| 952 |
|
|
|0 0
|1 0
|2 ddc
|4 0
|6 891_440000000000000_ILI
|7 0
|9 63442
|a BRACUL
|b BRACUL
|c GEN
|d 2018-05-27
|e The University Press Limited
|g 247.50
|l 16
|m 133
|o 891.44 ILI
|p 3010033131
|r 2026-04-08
|s 2026-04-02
|t 3
|v 330.00
|w 2018-05-27
|y BK
|
| 952 |
|
|
|0 0
|1 0
|2 ddc
|4 0
|6 891_440000000000000_ILI
|7 0
|9 71548
|a SCL
|b SCL
|c GEN
|d 2022-08-03
|e Book Finder International
|g 265.47
|l 5
|m 5
|o 891.44 ILI
|p 3020039497
|r 2024-10-27
|s 2024-10-23
|t 5
|v 0.00
|w 2022-08-03
|y BK
|